<?xml version="1.0" encoding="UTF-8"?>
<record
    xmlns:xsi="http://www.w3.org/2001/XMLSchema-instance"
    xsi:schemaLocation="http://www.loc.gov/MARC21/slim http://www.loc.gov/standards/marcxml/schema/MARC21slim.xsd"
    xmlns="http://www.loc.gov/MARC21/slim">

  <leader>00704nam a2200193 i 4500</leader>
  <controlfield tag="001">149341</controlfield>
  <controlfield tag="003">ES-MaACL</controlfield>
  <controlfield tag="005">20230906203045.0</controlfield>
  <controlfield tag="007">t|</controlfield>
  <controlfield tag="008">071019s1982    sp           |||| | spa d</controlfield>
  <datafield tag="100" ind1="1" ind2=" ">
    <subfield code="a">Vaquerizo Gil, Manuel.</subfield>
    <subfield code="9">113092</subfield>
  </datafield>
  <datafield tag="245" ind1="1" ind2="0">
    <subfield code="a">Colecci&#xF3;n diplom&#xE1;tica del Archivo Municipal de Santander </subfield>
    <subfield code="b">: documentos reales (1525-1599) / </subfield>
    <subfield code="c">Manuel Vaquerizo, Rogelio P&#xE9;rez Bustamante.</subfield>
  </datafield>
  <datafield tag="260" ind1=" " ind2=" ">
    <subfield code="a">Santander : </subfield>
    <subfield code="b">Ayuntamiento, </subfield>
    <subfield code="c">1982.</subfield>
  </datafield>
  <datafield tag="300" ind1=" " ind2=" ">
    <subfield code="a">300 p. ; </subfield>
    <subfield code="c">24 cm.</subfield>
  </datafield>
  <datafield tag="651" ind1=" " ind2="4">
    <subfield code="a">Cantabria (Comunidad Aut&#xF3;noma)-</subfield>
    <subfield code="x">Historia-</subfield>
    <subfield code="y">S.XVI-</subfield>
    <subfield code="v">Fuentes.</subfield>
    <subfield code="9">169864</subfield>
  </datafield>
  <datafield tag="700" ind1="1" ind2=" ">
    <subfield code="a">P&#xE9;rez-Bustamante, Rogelio.</subfield>
    <subfield code="9">90685</subfield>
  </datafield>
  <datafield tag="710" ind1="1" ind2=" ">
    <subfield code="a">Santander. </subfield>
    <subfield code="b">Ayuntamiento.</subfield>
    <subfield code="9">6498</subfield>
  </datafield>
  <datafield tag="852" ind1=" " ind2=" ">
    <subfield code="a">ES-MaACL</subfield>
    <subfield code="j">L-4092</subfield>
  </datafield>
  <datafield tag="999" ind1=" " ind2=" ">
    <subfield code="c">149341</subfield>
    <subfield code="d">149341</subfield>
  </datafield>
  <datafield tag="952" ind1=" " ind2=" ">
    <subfield code="0">0</subfield>
    <subfield code="1">0</subfield>
    <subfield code="4">0</subfield>
    <subfield code="7">0</subfield>
    <subfield code="a">ATENEOM</subfield>
    <subfield code="b">ATENEOM</subfield>
    <subfield code="c">DEPO2</subfield>
    <subfield code="d">2008-01-17</subfield>
    <subfield code="e">SC</subfield>
    <subfield code="l">0</subfield>
    <subfield code="o">L-4092</subfield>
    <subfield code="p">1155840</subfield>
    <subfield code="r">2023-02-23 00:00:00</subfield>
    <subfield code="w">2023-02-23</subfield>
    <subfield code="y">MONOGRAFIA</subfield>
  </datafield>
</record>
